00755cam a2200229 a 4500020004300000020004000043040000800083082002600091245006200117246004900179250001200228260004900240300005100289650002500340650002400365650002500389650002000414650002400434700002300458700002000481700002400501 a9781437726800 (hardcover : alk. paper) a1437726801 (hardcover : alk. paper) cDLC00a636 SAU 2014 A083 Or.00aMcCurnin's clinical textbook for veterinary technicians /1 aClinical textbook for veterinary technicians a8th ed. aSt. Louis, Mo. :bSaunders/Elsevier,cc2014. axvii, 1477 p. :bill. (chiefly col.) ;c29 cm. 0aVeterinary medicine. 0aVeterinary nursing.12aVeterinary Medicine.22aAnimal Diseases22aAnimal Technicians.1 aBassert, Joanna M.1 aThomas, John A.1 aMcCurnin, Dennis M.